|
|
|
|
| LEADER |
00783nab a2200217 i 4500 |
| 001 |
acta16832 |
| 005 |
20220509131123.0 |
| 008 |
161015s1995 hu o 0|| eng d |
| 022 |
|
|
|a 0563-0614
|
| 040 |
|
|
|a SZTE Egyetemi Kiadványok Repozitórium
|b hun
|
| 041 |
|
|
|a eng
|
| 100 |
1 |
|
|a Unger János
|
| 245 |
1 |
0 |
|a Some features of urban influence on temperature extremities
|h [elektronikus dokumentum] /
|c Unger János
|
| 260 |
|
|
|c 1995
|
| 300 |
|
|
|a 63-76
|
| 490 |
0 |
|
|a Acta climatologica
|v 28-29
|
| 650 |
|
4 |
|a Természettudományok
|
| 650 |
|
4 |
|a Föld- és kapcsolódó környezettudományok
|
| 695 |
|
|
|a Hőmérséklet, Időjárás, Meteorológia, Éghajlattan
|
| 700 |
0 |
1 |
|a Ondok J.
|e aut
|
| 856 |
4 |
0 |
|u http://acta.bibl.u-szeged.hu/16832/1/climatologica_028_029_063-076.pdf
|z Dokumentum-elérés
|